| 000 | 00839nam a2200241 a 4500 | ||
|---|---|---|---|
| 001 | 000024905 | ||
| 005 | 20200930023436.0 | ||
| 008 | 110207s1985 sp r 000 0 spa d | ||
| 040 |
_aDO-SdBNP _bspa _cBNPHU |
||
| 041 | 1 | 7 |
_aspa _hger _2Código de idiomas MARC |
| 082 |
_a591.5 _bL869c |
||
| 100 | 1 |
_aLorenz, Kourad. _951134 |
|
| 240 | 1 | 0 |
_aÜber tierisches und menschliches verhalten. _lEspañol |
| 245 | 1 | 3 |
_aEl comportamiento animal y humano / _cKourad Lorenz ; traducción Angel Sabrido. |
| 260 |
_aBarcelona : _bplaza & Janes, _c1985. |
||
| 300 |
_a538, [6] p. : _bil. ; _c18 cm. |
||
| 534 |
_aTítulo original : _tÜber tierisches und menschliches verhalten |
||
| 504 | _aBibliografía : 535-[539] p. | ||
| 650 | 4 |
_aEtología _951135 |
|
| 650 | 4 |
_aConducta animal _948626 |
|
| 700 | 1 |
_aSabrido, Angel, _etr. _951136 |
|
| 049 | _aBNGR | ||
| 999 |
_c24398 _d24398 |
||